Statistics for Roman Provinces on a Map

Click here to take the quiz!

General Stats

  • This quiz has been taken 10,940 times
  • The average score is 14 of 47

Answers on the Map

Answers color-coded by a green-red scale on the quiz's map according to % correct below.
Loading ...
GAETULIAPHAZANIAARABIAIBERIASARMATIAGERMANIAMAGNAHIBERNIACALEDONIAOCEANUSATLANTICUSMARE INTERNUMPONTUS EUXINUS
 

Answer Stats

CapitalProvince% Correct
Roma (Rome)Italy
91%
Syracusae (Syracuse)Sicily
75%
AlexandriaEgypt
71%
Carales (Cagliari)Sardinia and Corsica
69%
Londinium (London)Britain
62%
PaphosCyprus
55%
GortynCrete and Cyrenaica
51%
Thessalonica (Thessaloniki)Macedonia
50%
Antioch (Antakya)Syria
47%
Caesarea Marítima (Caesarea)Judea
45%
Mogontiacum (Mainz)Germania Superior
39%
Colonia (Cologne)Germania Inferior
39%
Babylon (?)Mesopotamia
38%
Carthago (Carthage)Africa
35%
Artashat (Artaxata)Armenia
34%
Heraclea Perinthus
(Marmara Ereğlisi)
Thracia
34%
Durocortorum (Reims)Gallia Belgica
33%
Salona (Solin)Dalmatia
32%
Ulpia Traiana (Sarmizegetusa)Dacia
31%
EphesusAsia
30%
PetraArabia Petraea
26%
Emerita Augusta (Mérida)Lusitania
26%
Nicomedia (Izmit)Bithynia and Pontus
24%
Burdigala (Bordeaux)Gallia Aquitania
22%
Buthrotum (Butrint)Epirus
20%
Narbo (Narbonne)Gallia Narbonensis
19%
Tingis (Tangier)Mauretania Tingitana
18%
Caesarea (Cherchell)Mauretania Caesariensis
18%
Aquincum (Budapest)Pannonia Inferior
17%
Carnuntum (Petronell-Carnuntum)Pannonia Superior
17%
Caesarea (Kayseri)Cappadocia
16%
Ctesiphon (?)Assyria
16%
Lugdunum (Lyon)Gallia Lugdunensis
15%
Ancyra (Ankara)Galatia
14%
Tomis (Constanța)Moesia Inferior
14%
Naissus (Niš)Moesia Superior
14%
Corinthus (Corinth)Achaea
13%
Tarraco (Tarragona)Hispania Tarraconensis
13%
Augusta Vindelicorum (Augsburg)Raetia
13%
Corduba (Córdoba)Hispania Baetica
12%
Claudius VirunumNoricum
12%
TarsusCilicia
12%
Attalia (Antalya)Lycia and Pamphylia
11%
Cemenelum (Cimiez)Alpes Maritimae
9%
Panticapaeum (Kerch)Bosporan Kingdom
9%
Segusio (Susa)Alpes Cottiae
8%
Octodurum (Martigny)Alpes Poeninae
6%

Score Distribution

Percentile by Number Answered

Percent of People with Each Score

Your Score History

You have not taken this quiz